| 000 | 01129nac a22003251u 4500 | ||
|---|---|---|---|
| 003 | EG-ScBUE | ||
| 005 | 20211115102851.0 | ||
| 008 | 200219t1985 gr f b 001 0 eng d | ||
| 020 | _a0821408240 | ||
| 040 |
_aEG-ScBUE _beng _erda _cEG-ScBUE _dEG-ScBUE |
||
| 082 | 0 | 4 |
_a841.1 _bDAN _222 |
| 100 | 1 |
_aDanner, Richard, _d1941- _eauthor. |
|
| 245 | 1 | 0 |
_aPatterns of irony in the fables of la fontaine / _cRichard Danner. |
| 264 | 1 |
_aAthens : _bOhio University Press, _c[1985] |
|
| 264 | 4 | _cc1985 | |
| 300 |
_axii, 181 pages ; _c23 cm |
||
| 336 |
_2rdacontent _atext _btxt |
||
| 337 |
_2rdamedia _aunmediated _bn |
||
| 338 |
_2rdacarrier _avolume _bnc |
||
| 504 | _aIncludes bibliographical references and index. | ||
| 600 | 1 | 7 |
_aLa Fontaine, Jean de, _d1621-1695. _tFables. _2BUEsh |
| 600 | 1 | 7 |
_aLa Fontaine, Jean de, _d1621-1695 _xTechnique. _2BUEsh |
| 650 | 7 |
_aIrony in literature. _2BUEsh |
|
| 650 | 7 |
_aFables, French _xHistory and criticism. _2BUEsh |
|
| 651 | _2BUEsh | ||
| 653 |
_bHHUUEENN _cNovember2021 |
||
| 655 |
_vReading book _934232 |
||
| 942 |
_cBB _k841.1 DAN _2ddc |
||
| 999 |
_c1864 _d1864 |
||